A la sombra de dos caudillos desaparecidos: comicios del 2 de mayo de 1999 en Panamá /
Se realiza un resumen de los principales resultados obtenidos en las elcciones del 2 de mayo en 1999 en Panamá. WMV
Guardado en:
| Autor principal: | |
|---|---|
| Formato: | Texto |
| Materias: | |
| Etiquetas: |
Agregar Etiqueta
Sin Etiquetas, Sea el primero en etiquetar este registro!
|
MARC
| LEADER | 00000 a a2200000 04500 | ||
|---|---|---|---|
| 001 | 3808 | ||
| 003 | |||
| 040 | |||
| 100 | |a Spaett, Günther | ||
| 245 | |a A la sombra de dos caudillos desaparecidos: |b comicios del 2 de mayo de 1999 en Panamá / |c Günther Spaett | ||
| 520 | |a Se realiza un resumen de los principales resultados obtenidos en las elcciones del 2 de mayo en 1999 en Panamá. WMV | ||
| 650 | |a POLITICA | ||
| 650 | |a ELECCIONES | ||
| 650 | |a DEMOCRACIA | ||
| 650 | |a SISTEMAS ELECTORALES | ||
| 650 | |a VOTACION | ||
| 650 | |a OPINION PUBLICA | ||
| 650 | |a PARTICIPACION SOCIAL | ||
| 650 | |a PARTICIPACION POLITICA | ||
| 650 | |a POLITICOS | ||
| 650 | |a SOCIEDAD CIVIL | ||
| 773 | |g volumen 16, número 2 (62); páginas 189-200 | ||
| 999 | |c 29306 |d 29306 | ||
